E-privacy and online data protection / (Record no. 31072)

MARC details
000 -LEADER
fixed length control field 00950cam a2200241 a 4500
001 - CONTROL NUMBER
control field vtls002956060
003 - CONTROL NUMBER IDENTIFIER
control field MY-SjTCS
005 - DATE AND TIME OF LATEST TRANSACTION
control field 20200306154634.0
008 - FIXED-LENGTH DATA ELEMENTS--GENERAL INFORMATION
fixed length control field 110218s2002 enkk 001 0 eng d
020 ## - INTERNATIONAL STANDARD BOOK NUMBER
International Standard Book Number 0406945888 (pbk)
039 #9 - LEVEL OF BIBLIOGRAPHIC CONTROL AND CODING DETAIL [OBSOLETE]
Level of rules in bibliographic description 201701091439
Level of effort used to assign nonsubject heading access points pushpa
Level of effort used to assign subject headings 201603031449
Level of effort used to assign classification malathy
Level of effort used to assign subject headings 201102181335
Level of effort used to assign classification VLOAD
Level of effort used to assign subject headings 201012101104
Level of effort used to assign classification shuhada
-- 200407272002
-- VLOAD
043 ## - GEOGRAPHIC AREA CODE
Geographic area code e-uk---
082 04 - DEWEY DECIMAL CLASSIFICATION NUMBER
Classification number 342.410858
Item number CAR
100 1# - MAIN ENTRY--PERSONAL NAME
Personal name Carey, Peter,
Titles and words associated with a name LL. M.
9 (RLIN) 49340
245 10 - TITLE STATEMENT
Title E-privacy and online data protection /
Statement of responsibility, etc. Peter Carey ; precedents by Eduardo Ustaran.
260 ## - PUBLICATION, DISTRIBUTION, ETC.
Place of publication, distribution, etc. London :
Name of publisher, distributor, etc. Butterworths,
Date of publication, distribution, etc. 2002.
300 ## - PHYSICAL DESCRIPTION
Extent xxvi, 268 p. :
Other physical details forms ;
Dimensions 30 cm +
Accompanying material 1 CD-ROM (4 3/4 in.)
500 ## - GENERAL NOTE
General note Includes index.
650 #0 - SUBJECT ADDED ENTRY--TOPICAL TERM
Topical term or geographic name entry element Data protection
General subdivision Law and legislation
Geographic subdivision Great Britain.
9 (RLIN) 10458
650 #0 - SUBJECT ADDED ENTRY--TOPICAL TERM
Topical term or geographic name entry element Electronic commerce
General subdivision Law and legislation
Geographic subdivision Great Britain.
9 (RLIN) 214734
700 1# - ADDED ENTRY--PERSONAL NAME
Personal name Ustaran, Eduardo.
9 (RLIN) 214735
920 ## - Programme
Programme TBS : 56881, CDR000449, 56924, CDR000432
Holdings
Withdrawn status Lost status Source of classification or shelving scheme Damaged status Not for loan Collection code Home library Current library Date acquired Total Checkouts Barcode Date last seen Date last checked out Copy number Koha item type Public note
Withdrawn   Dewey Decimal Classification     Please fill up online form at https://taylorslibrary.taylors.edu.my/services/external_storage1 TC External Storage TC External Storage 27/05/2005   1000507555 05/12/2019 29/01/2010 1 Accompanying Material (Media Resource) TBSxx,18002,02,GR
Withdrawn   Dewey Decimal Classification       TC External Storage TC External Storage 27/07/2004   1000506874 05/12/2019 29/01/2010 1 Accompanying Material (Media Resource) TBSxx,18002,02,GR
Withdrawn   Dewey Decimal Classification     Please fill up online form at https://taylorslibrary.taylors.edu.my/services/external_storage1 Taylor's Library-TU TU External Storage-LCS 27/07/2004 1 1000506873 05/12/2019 18/12/2014 1 Main Collection TBSxx,18002,02,GR
Withdrawn   Dewey Decimal Classification     Please fill up online form at https://taylorslibrary.taylors.edu.my/services/external_storage1 Taylor's Library-TU TU External Storage-LCS 27/07/2004   1000506647 05/12/2019 01/02/2010 1 Main Collection TBSxx,18002,02,GR